It looks like you're offline.
Open Library logo
additional options menu

MARC Record from Scriblio

Record ID marc_records_scriblio_net/part13.dat:184992193:665
Source Scriblio
Download Link /show-records/marc_records_scriblio_net/part13.dat:184992193:665?format=raw

LEADER: 00665cam 2200241 a 4500
001 2001339645
003 DLC
005 20050818181207.0
008 000728s2000 enk 000 1 eng
010 $a 2001339645
020 $a1857765451
035 $a(UkLWHE)b000073596
040 $aDLC$cDLC$dDLC
043 $ae-uk-en
050 00 $aPR6052.L34135$bF43 2000
082 00 $a823/.92$221
100 1 $aBlackburn, Keith.
245 10 $aFeathers for Laura /$cKeith Blackburn.
260 $aSussex, England :$bBook Guild,$c2000.
300 $a334 p. ;$c22 cm.
650 0 $aMiddle-aged men$vFiction.
650 0 $aArt teachers$vFiction.
651 0 $aYorkshire (England)$vFiction.